|
|
|
|
| LEADER |
00688cam a2200181 7i4500 |
| 001 |
0000006585 |
| 005 |
19991025090000.0 |
| 002 |
##000008281 |
| 020 |
0 |
0 |
|a 92-9137-080-0
|
| 090 |
0 |
0 |
|a B 338.7
|b SME
|
| 245 |
0 |
0 |
|a The SME and the export development company :
|b a practical guide to forging long-term business relationships in the export sector.
|
| 260 |
0 |
0 |
|a Geneva:
|b International Trade Centre,
|c 1997.
|
| 300 |
0 |
0 |
|a 125 p..
|
| 650 |
0 |
0 |
|a Small and medium-sized enterprises (SMEs)
|
| 650 |
0 |
0 |
|a Export development companies (EDCs)
|
| 710 |
0 |
0 |
|a International Trade Centre
|
| 999 |
|
|
|a 0000020180
|b Book
|c Book
|e Business Information Centre
|
| 999 |
|
|
|a 0000009636
|b Book
|c Book
|e Business Information Centre
|